Cuentos de amor de locura y de muerte / (Record no. 35092)
[ view plain ]
| 000 -CABECERA | |
|---|---|
| campo de control de longitud fija | 01100nam a2200229 a 4500 |
| 001 - NÚMERO DE CONTROL | |
| campo de control | 000035601 |
| 005 - FECHA Y HORA DE LA ÚLTIMA TRANSACCIÓN | |
| campo de control | 20200930074450.0 |
| 008 - DATOS DE LONGITUD FIJA--INFORMACIÓN GENERAL | |
| campo de control de longitud fija | 111105s2008 ck a 000 j spa d |
| 020 ## - NÚMERO INTERNACIONAL ESTÁNDAR DEL LIBRO | |
| Número Internacional Estándar del Libro | 9789583006418 |
| 040 ## - FUENTE DE LA CATALOGACIÓN | |
| Centro catalogador/agencia de origen | DO-SdBNP |
| Lengua de catalogación | spa |
| Centro/agencia transcriptor | BNPHU |
| 082 ## - NÚMERO DE LA CLASIFICACIÓN DECIMAL DEWEY | |
| Número de clasificación | xxx |
| Número de documento/Ítem | Q8c, 2008 |
| 100 1# - ENTRADA PRINCIPAL--NOMBRE DE PERSONA | |
| Nombre de persona | Quiroga, Horacio, |
| Fechas asociadas al nombre | 1878-1937. |
| 9 (RLIN) | 5062 |
| 245 10 - MENCIÓN DE TÍTULO | |
| Título | Cuentos de amor de locura y de muerte / |
| Mención de responsabilidad, etc. | Horacio Quiroga; ilustraciones Eric Nieto. |
| 260 ## - PUBLICACIÓN, DISTRIBUCIÓN, ETC. | |
| Lugar de publicación, distribución, etc. | Santa Fe de Bogotá : |
| Nombre del editor, distribuidor, etc. | Panamericana Editorial, |
| Fecha de publicación, distribución, etc. | 2008. |
| 300 ## - DESCRIPCIÓN FÍSICA | |
| Extensión | 221 p. : |
| Otras características físicas | il. ; |
| Dimensiones | 21. |
| 490 1# - MENCIÓN DE SERIE | |
| Mención de serie | Letras latinoamericanas |
| 500 ## - NOTA GENERAL | |
| Nota general | Novena reimpresión |
| 500 ## - NOTA GENERAL | |
| Nota general | Incluye datos del autor en la solapa |
| 505 0# - NOTA DE CONTENIDO CON FORMATO | |
| Título | Una estación de amor -- |
| -- | La muerte de Isolda -- |
| -- | El solitario -- |
| -- | Los buques suicidantes -- |
| -- | A la deriva -- |
| -- | La insolación -- |
| -- | El alambre de púa -- |
| -- | Los mensú -- |
| -- | La gallina degollada -- |
| -- | El almohadón de pluma -- |
| -- | Yaguaí -- |
| -- | Los pescadores de vigas -- |
| -- | La miel silvestre -- |
| -- | Nuestro primer cigarro -- |
| -- | La meningitis y su sombra -- |
| -- | Biografía . |
| 700 1# - PUNTO DE ACCESO ADICIONAL--NOMBRE DE PERSONA | |
| Nombre de persona | Nieto, Eric, |
| Término indicativo de función/relación | il. |
| 9 (RLIN) | 61507 |
| 830 #0 - PUNTO DE ACCESO ADICIONAL DE SERIE-TÍTULO UNIFORME | |
| Título uniforme | Letras latinoamericanas |
| 9 (RLIN) | 22732 |
| Estado de retiro | Estado de pérdida | Restricciones de uso | No para préstamo | Código de colección | Localización permanente | Ubicación/localización actual | Ubicación en estantería | Fecha de adquisición | Número de inventario | Total de préstamos | Signatura topográfica completa | Código de barras | Fecha visto por última vez | Precio válido a partir de | Tipo de ítem Koha |
|---|---|---|---|---|---|---|---|---|---|---|---|---|---|---|---|
| Excluido de préstamo | Monografías: Libros y Folletos | General | General | En catalogación | 05.11.2011 | LF1 | xxx Q8c, 2008 | 35601-10 | 25.06.2020 | 25.06.2020 | No se presta | ||||
| Monografías: Libros y Folletos | General | General | Orden iniciada | 05.11.2011 | LF1 | xxx Q8c, 2008 | 35602-10 | 25.06.2020 | 25.06.2020 | No se presta |
